Автоматизированное блочное оборудование для сбора, транспортирования и подготовки нефти на промыслах: каталог

Bibliografske podrobnosti
Korporativna značnica: ТАТНИИНЕФТЕМАШ
Drugi avtorji: Аюпова Л. М. (составитель), Батрашина Р. Г., Гайнутдинов Р. С., Рафаилов В. В.
Izvleček:Исключено из фонда НТБ ТПУ
Jezik:ruščina
Izdano: Москва, ЦИНТИХИМНЕФТЕМАШ, 1975
Format: Knjiga
KOHA link:https://koha.lib.tpu.ru/cgi-bin/koha/opac-detail.pl?biblionumber=121675

MARC

LEADER 00000nam0a2200000 4500
001 121675
005 20231031125457.0
035 |a (RuTPU)RU\TPU\book\131767 
090 |a 121675 
100 |a 20070919d1975 k y0rusy50 ca 
101 0 |a rus 
102 |a RU 
105 |a a b 000zy 
200 1 |a Автоматизированное блочное оборудование для сбора, транспортирования и подготовки нефти на промыслах  |e каталог  |f ТАТНИИНЕФТЕМАШ; сост. Л. М. Аюпова, Р. Г. Батрашина, Р. С. Гайнутдинов, В. В. Рафаилов 
210 |a Москва  |c ЦИНТИХИМНЕФТЕМАШ  |d 1975 
215 |a 10 с.  |c ил. 
333 |a Исключено из фонда НТБ ТПУ 
702 1 |a Аюпова  |b Л. М.  |4 220 
702 1 |a Батрашина  |b Р. Г.  |4 220 
702 1 |a Гайнутдинов  |b Р. С.  |4 220 
702 1 |a Рафаилов  |b В. В.  |4 220 
712 0 2 |a ТАТНИИНЕФТЕМАШ 
801 1 |a RU  |b 63413507  |c 20070919  |g PSBO 
801 2 |a RU  |b 63413507  |c 20220617  |g RCR 
942 |c BK